000 00610nam a2200205Ia 4500
005 20250508162146.0
008 008 250505s9999 xx 000 0 eng d
037 _aTextual
040 _aFEDL
_beng
_cFEDL
041 _aeng
_2eng
084 _a371.2, LEF
_qFEDL
100 _aLeffingwell William H
245 0 _aTextbook of office management
260 _aNew Delhi, India
_bTata McGraw-Hill Publishing Company Limited
_c1979
300 _axiv,649p.
650 _aSchool Administration
700 _a Robinson Edwin M
_9772464
942 _cTEXL
_h371.2, LEF
999 _c1374724
_d1374724